| 000 | 01215cad a22001935a 4500 | ||
|---|---|---|---|
| 001 | L152964 | ||
| 008 | 110518e20100720xxk 000 0 eng d | ||
| 035 | _a(Sirsi) u152964 | ||
| 041 | 0 | _aeng | |
| 245 | 0 | 0 | _aArea Estates Limited v Weir |
| 260 | _c2010 | ||
| 520 | _a[2010] EWCA Civ 801, 20 July 2010. Where a seller should have known about a title defect, albeit not clearly disclosed by the sales contract, the seller is unlikely to be helped by contractual wording intended to prevent objections by the buyer. Respondent (W) signed a contract to buy a freehold property with an unexpired lease from Appellant seller (A). W brought a successful claim against A in the HC to rescind the contract because of the burden of the unexpired lease and to recover its paid deposit with interest. A appealed. "Held": CA found for W. A should have checked the title more thoroughly. W could rescind and got its deposit back. | ||
| 590 | _aKA | ||
| 650 | 2 | 4 | _aAREA ESTATES LTD V WEIR |
| 651 | 4 |
_aEngland and Wales _y1543- |
|
| 690 | _aPROPERTY-ACQUISITION AND DISPOSAL OF PROPERTY | ||
| 856 | 4 | 0 |
_uhttps://www.bailii.org/ew/cases/EWCA/Civ/2010/801.html _zView the law report free of charge at www.bailii.org |
| 942 | _n0 | ||
| 999 |
_c83150 _d83150 |
||